Countries with Unique Items on their Flag - Statistics

General Stats
  • This quiz has been taken 26 times
  • The average score is 8 of 15
Answer Stats
Item Countries % Correct
Yin and Yang Mongolia | South Korea
92%
AK-47 & Book Mozambique
88%
Temple Cambodia
83%
Leaf Canada
75%
Parrot Dominica
67%
Mountains Slovenia | San Marino | El Salvador | Nicaragua
67%
Carpet Design Belarus | Turkmenistan
58%
Castle Spain | Portugal | San Marino
46%
Paper Guatemala
42%
Cogwheel Angola
38%
Crested Crane Uganda
38%
Goat Croatia
29%
Rainbow Nicaragua
25%
Just Hands Brunei
21%
Dove Fiji
8%
No matching quizzes found
Score Distribution
Percent of People with Each Score
Percentile by Number Answered
Your Score History
You have not taken this quiz